Statistics for Top 30 Dangerous Animals in Australia

Click here to take the quiz!

General Stats

  • This quiz has been taken 448 times
  • The average score is 6 of 30

Answer Stats

HintAnswer% Correct
6Saltwater Crocodile
67%
1Box Jellyfish
59%
17Great White Shark
59%
24Redback Spider
49%
7Funnel Web Spider
45%
15Tiger Shark
34%
4Bull Shark
33%
23Inland Taipan
32%
8Blue Ringed Octopus
31%
16Tiger Snake
27%
5Eastern Brown Snake
26%
25Reef Stonefish
19%
19Bluebottle
15%
14Red Bellied Balck Snake
15%
9Coastal Taipan
13%
10Common Death Adder
12%
2Honey Bee
11%
20Lionfish
8%
11Cone Shell
7%
3Irukandji
7%
26Smooth Toadfish
7%
29Bull Ant
6%
22Highland Copperhead
6%
13Mulga Snake
5%
28Australian Paralysis Tick
4%
12Dugite
4%
18Yellow Bellied Sea Snake
2%
27Blue Bellied Black Snake
1%
21Collett's Snake
1%
30Giant Centipede
1%

Score Distribution

Percentile by Number Answered

Percent of People with Each Score

Your Score History

You have not taken this quiz